000 01072nam a22002057a 4500
001 85381
003 BD-RjUL
005 20250730154806.0
008 250730s1957 pk ||||| |||| 00| 0 urd d
035 _a(BD-RjUL) 85381
040 _aBD-RjUL
_beng
_cBD-RjUL
041 _aurd
082 _223
_a891.43914
_bNIM 1957
100 _a سیىّد نذیىر نىیازى. . Niyāzī., Sayyid Naz̲īr
_916361
245 1 0 _aمکتوبات اقبال : حکیىم االامّت حضرت علامہ اقبال کے ان مکتوبات کا مجموعہ جو وقتاً فوقتاً مرتّب کے نام لکھے گئے;; Maktūbāt-i Iqbāl : Ḥakīmulummat Ḥaẓrat ʻAllāmah Iqbāl ke un maktūbāt kā majmūʻah jo vaqtan favaqtan murattib ke nām likhe gaʼe /
_cمرتّبہ، سیىّد نذیىر نىیازى.Muhammad Iqbal / murattabah, Sayyid Naz̲īr Niyāzī.
260 _aKarachi:
_b اقبال اکادمى پاکستان،, Iqbāl Akādmī
_c1957
300 _a372 p. ;
_c22 cm
600 _aIqbal, Muhammad, Sir,
_d 1877-1938
942 _2ddc
_cBK
999 _c85381
_d85381